| 000 | 00351nam a2200133Ia 4500 | ||
|---|---|---|---|
| 005 | 20251222141824.0 | ||
| 008 | 251222s9999||||xx |||||||||||||| ||spa|| | ||
| 082 | _a985.32/E84 | ||
| 100 | _aEspinoza de la Borda, Álvaro | ||
| 245 | 0 | _aArequipa a través del Tiempo | |
| 250 | _a1ra.ed. | ||
| 264 | _bUniversidad Nacional de San Agustín | ||
| 942 | _cLIB | ||
| 999 |
_c6914 _d6914 |
||